000 01000nac a22003137a 4500
001 BR8203441
003 BR-BrBNA
005 20240105115347.0
008 230509b bl.|||m| |||| 00| 0 por d
040 _aBR-BrBNA
_bpor
_cBiblioteca Nacional de Agricultura
072 _aP05
090 _a4620 BR8203441
100 1 _aCosta, A.L. da
100 1 _aFranco, F.G.S.
100 1 _aCardoso, J.E.
100 1 _aValentim, J.F.
100 1 _aSilva, C. de S. e
110 1 _aUnidade de Execucao de Pesquisa de Ambito Estadual de Rio Branco, AC (Brasil)
_910376
245 1 _aAvaliacao do biodigestor modelo chines no Acre [Brasil]
260 3 _aRio Branco, AC (Brasil):
_c1982.
300 _a3 p.
490 _aPesquisa em Andamento - Unidade de Execucao de Pesquisa de Ambito Estadual de Rio Branco (Brazil)
_vno. 17
_x
650 _aBIODIGESTOR
650 _aBIOGAS
650 _aBIOMASSA
650 _aACRE
909 _a202312
_bLúcia Elande
_c55
_dLúcia Elande
942 _2AGRIS
_n0
_cMS
999 _c274483
_d274483